Da̕s de Gloria en la Independencia Hispanoamericana

Bibliographic Details
Main Author: Rodrg̕uez, Pablo
Format: Book
Language:Spanish
Published: Colombia Editorial Universidad de Rosario (Colombia) 2011
Subjects:
Online Access:Acceso restringido

MARC

LEADER 00000nam a22000007a 4500
005 20151216134127.0
007 cr|z|| ||u|
008 151216s2011 ck ||||| |||| 00| 0 spa d
020 |a 978-958-738-213-6 
035 |a 12971 
040 |a vLex 
090 |c 5741  |d 5741 
100 1 |a Rodrg̕uez, Pablo  
245 1 0 |a Da̕s de Gloria en la Independencia Hispanoamericana  |h [Recurso electrn̤ico] /  |c Pablo Rodrg̕uez  
256 |a Servicio en ln̕ea  
260 |a Colombia   |b Editorial Universidad de Rosario (Colombia)   |c 2011 
300 |a 1 recurso electrn̤ico (210 Pg̀inas.) 
506 1 |a Contenido solo disponible en los productos indicados  |d vLex Global  |d vLex Global (Academic Edition, excluding Law Schools)  |d vLex Global (U.S. Academic Edition, Law Schools)  |d vLex Global (U.S. Academic Edition, excluding Law Schools)  |d vLex Global (Academic Edition, Law Schools) 
650 0 4 |a Derecho  |z Colombia  
740 0 |a vLex libros (servicio en ln̕ea) 
856 4 0 |u http://vlex.com/source/dias-gloria-independencia-hispanoamericana-12971  |z Acceso restringido  
942 |c BOOK 
999 0 |a Law